000 00311nam a22001217a 4500
008 181015b xxu||||| |||| 00| 0 eng d
041 _aeng
080 _a610
100 _a4
101 _ashm
245 _aNeronatal And Practice And Pediatric Gardiopulmonary care
_cWillians .TH.J
942 _2udc
_cBK
999 _c49766
_d49766